000 00484nam a2200181Ia 4500
003 GCL
008 140319s9999 xx 000 0 ara d
040 _aGCL /
_cGCL
082 0 4 _a258.995
_bع ب
100 1 _aعامر النجار
245 1 0 _aالبهائية وجذورها البابية /
_cعامر النجار
300 _a109 ص
490 _a
650 0 4 _aالبهائية
650 0 4 _aالبابية
650 0 4 _aالفرق الاسلامية
942 _2ddc
_cBK
999 _c52344
_d52344